The Japanese shipping and shipbuilding industries : a history of their modern growth

Αποθηκεύτηκε σε:
Λεπτομέρειες βιβλιογραφικής εγγραφής
Κύριος συγγραφέας: Chida, Tomohei, 1917-
Άλλοι συγγραφείς: Davies, Peter N.
Μορφή: Βιβλίο
Γλώσσα:English
Δημοσίευση: London : Atlantic Highlands, NJ : Athlone Press, 1990
Θέματα:
Ετικέτες: Προσθήκη ετικέτας
Δεν υπάρχουν, Καταχωρήστε ετικέτα πρώτοι!

MARC

LEADER 00000cam a2200000 i 4500
001 1/7848
008 000624s1990 eng d
020 |a 0-485-11271-X 
035 |l 10062439 
040 |a GR-MY-UA  |b gre  |e aacr 
041 0 |a eng 
082 0 |a 387.50952 
100 1 |a Chida, Tomohei,   |d 1917- 
245 1 4 |a The Japanese shipping and shipbuilding industries :  |b a history of their modern growth /  |c Tomohei Chida and Peter N. Davies 
260 |a London :   |a Atlantic Highlands, NJ :   |b Athlone Press,   |c 1990 
300 |a xi, 240 p.;  |b ill.;  |c 22 cm. 
504 |a Includes bibliographical references and index 
650 0 0 |a Shipping  |z Japan  |x History  |y 20th century. 
650 0 0 |a Merchant marine  |z Japan  |x History  |y 20th century. 
650 0 0 |a Shipbuilding industry  |z Japan  |x History  |y 20th century. 
700 1 |a Davies, Peter N. 
852 |a INST  |b CHIOS  |e 20000624  |h 387.50952 CHI  |p 005200017903  |q 005200017903  |t BK  |y 0 
901 |a BIBL2-2000-2 
909 |a Χ  |b 075943 
970 |z 2000/06/ΜΠΡΑΤΤΗΣ